<?xml version="1.0" encoding="UTF-8"?>
<record
    xmlns:xsi="http://www.w3.org/2001/XMLSchema-instance"
    xsi:schemaLocation="http://www.loc.gov/MARC21/slim http://www.loc.gov/standards/marcxml/schema/MARC21slim.xsd"
    xmlns="http://www.loc.gov/MARC21/slim">

  <leader>00409nam a22001217a 4500</leader>
  <datafield tag="040" ind1=" " ind2=" ">
    <subfield code="c">RUA</subfield>
  </datafield>
  <datafield tag="082" ind1=" " ind2=" ">
    <subfield code="a">AUA ROR 2023 A126 Or.</subfield>
  </datafield>
  <datafield tag="100" ind1=" " ind2=" ">
    <subfield code="a">RORTANA CHEA,</subfield>
  </datafield>
  <datafield tag="245" ind1=" " ind2=" ">
    <subfield code="a">Foodborne Bacteria In The Cambodian Meat Value Chain.Emphasis On The risk of Salmonella In Chicken And Pork From Traditional Markets to Household Consumption.</subfield>
  </datafield>
  <datafield tag="260" ind1=" " ind2=" ">
    <subfield code="a">PHNOM PENH</subfield>
    <subfield code="b">RUA</subfield>
    <subfield code="c">2023</subfield>
  </datafield>
  <datafield tag="300" ind1=" " ind2=" ">
    <subfield code="a">59p.</subfield>
    <subfield code="b">ill.</subfield>
    <subfield code="c">25cm,</subfield>
  </datafield>
  <datafield tag="942" ind1=" " ind2=" ">
    <subfield code="c">EK</subfield>
  </datafield>
  <datafield tag="999" ind1=" " ind2=" ">
    <subfield code="c">25356</subfield>
    <subfield code="d">25356</subfield>
  </datafield>
  <datafield tag="952" ind1=" " ind2=" ">
    <subfield code="0">0</subfield>
    <subfield code="1">0</subfield>
    <subfield code="4">0</subfield>
    <subfield code="6">AUA_ROR_2023_000000000000000_A126_OR</subfield>
    <subfield code="7">0</subfield>
    <subfield code="9">105565</subfield>
    <subfield code="a">LBA</subfield>
    <subfield code="b">LBA</subfield>
    <subfield code="c">A126</subfield>
    <subfield code="d">2025-07-14</subfield>
    <subfield code="o">AUA ROR 2023 A126 Or.</subfield>
    <subfield code="p">A084105</subfield>
    <subfield code="r">2025-07-14</subfield>
    <subfield code="y">EK</subfield>
  </datafield>
  <datafield tag="952" ind1=" " ind2=" ">
    <subfield code="0">0</subfield>
    <subfield code="1">0</subfield>
    <subfield code="4">0</subfield>
    <subfield code="6">AUA_ROR_2023_000000000000000_A126_OR</subfield>
    <subfield code="7">0</subfield>
    <subfield code="9">105566</subfield>
    <subfield code="a">LBA</subfield>
    <subfield code="b">LBA</subfield>
    <subfield code="c">A126</subfield>
    <subfield code="d">2025-07-14</subfield>
    <subfield code="o">AUA ROR 2023 A126 Or.</subfield>
    <subfield code="p">A084282</subfield>
    <subfield code="r">2025-07-14</subfield>
    <subfield code="y">EK</subfield>
  </datafield>
  <datafield tag="952" ind1=" " ind2=" ">
    <subfield code="0">0</subfield>
    <subfield code="1">0</subfield>
    <subfield code="4">0</subfield>
    <subfield code="6">AUA_ROR_2023_000000000000000_A126_OR</subfield>
    <subfield code="7">0</subfield>
    <subfield code="9">105574</subfield>
    <subfield code="a">LBA</subfield>
    <subfield code="b">LBA</subfield>
    <subfield code="c">A126</subfield>
    <subfield code="d">2025-07-14</subfield>
    <subfield code="o">AUA ROR 2023 A126 Or.</subfield>
    <subfield code="p">A084492</subfield>
    <subfield code="r">2025-07-14</subfield>
    <subfield code="y">EK</subfield>
  </datafield>
</record>
